000 00767nam a22002537a 4500
005 20230914135257.0
008 230914b ||||| |||| 00| 0 eng d
020 _a9788196049096
040 _aIN-DiNC
_cIN-DiNC
041 _deng
082 _a370
_bFOU
245 _aFoundations of education-I (Major)/
_cby Pranjal Das and others
250 _a1st ed.
260 _aGuwahati:
_bAshok publications,
_c2023.
300 _a200p.
650 _aPsychological foundations of education
650 _aPhilosophical foundations of education
650 _aSociological foundations of education
700 _aDas, Pranjal
_eauthor
700 _aDas, Gitali
_eauthor
700 _aMazumdar, Supriya
_eauthor
700 _aBora, Antareepa
_eauthor
942 _2ddc
_cBK
999 _c11640
_d11640